000 00638nam a2200193 u 4500
001 000577679
003 AM-YeHGA
005 20250617141043.0
008 080416s1968 |||||| |||||||||||||rus|c
040 _aAM-YeHGA
041 _arus
100 1 _aТургенев, Иван Сергеевич
245 1 0 _aМуму ; :
_bПервая любовь ; Пунин и Бабурин /
_cИ.С. Тургенев ; Ил. худ. В. Домогацкого.
260 _aМосква :
_bХудож. лит.,
_c1968.
300 _a246 с.
650 1 4 _aЯзык
700 1 _aДомогацкий, В
_eхудож.
_4art
090 _c233095
999 _c231541
_d231541